Cura pastorale delle persone omosessuali : lettera della Congregazione per la dottrina della fede : in appendice Alcune considerazioni concernenti la risposta a proposte di legge sulla non-discriminazione delle persone omosessuali.

Guardat en:
Dades bibliogràfiques
Autor corporatiu: Chiesa Cattolica. Congregazione per la dottrina della fede
Format: Llibre
Idioma:italià
Publicat: Milano : Paoline, 1986
Edició:4. ed. con aggiornamento In appendice
Col·lecció:Magistero/antologia ; 120
Etiquetes: Afegir etiqueta
Sense etiquetes, Sigues el primer a etiquetar aquest registre!

MARC

LEADER 00000nam a22000007i 4500
001 IT\ICCU\PBE\0192476
003 ItRI
005 20241223122542.0
008 220507s1997 it |||||| ||||| |||||c
040 |b ita  |c Arcigay Rimini 
041 7 |a ita  |2 ISO-639-2 
110 2 |a Chiesa Cattolica.  |b Congregazione per la dottrina della fede  |0 IT\ICCU\CFIV\026092 
245 0 0 |a Cura pastorale delle persone omosessuali :  |b lettera della Congregazione per la dottrina della fede : in appendice Alcune considerazioni concernenti la risposta a proposte di legge sulla non-discriminazione delle persone omosessuali. 
250 |a 4. ed. con aggiornamento In appendice 
260 |a Milano :  |b Paoline,  |c 1986 
300 |a 25 p. ;  |c 17 cm 
830 0 |a Magistero/antologia ;  |v 120  |0 IT\ICCU\CFI\0266949 
942 |2 ddc  |c BK 
952 |0 0  |1 0  |2 ddc  |4 0  |6 260_000000000000000_ALB_LAC  |7 1  |9 2245  |a RN  |b RN  |d 2024-12-23  |l 0  |o 260 ALB LAC  |p 9698  |r 2024-12-23 12:29:12  |w 2024-12-23  |y BK 
952 |0 0  |1 0  |2 ddc  |4 0  |6 260_000000000000000_ALB_LAC  |7 1  |9 2557  |a RN  |b RN  |d 2024-12-31  |l 0  |o 260 ALB LAC   |p 10001  |r 2024-12-31 09:54:36  |w 2024-12-31  |y BK 
981 1 |6 z01  |a i   |b xxxe  
982 1 |6 z01  |a n 
999 |c 1972  |d 1972